Pece na pizzu a chleba

Salvato in:
Dettagli Bibliografici
Autori principali: Vlk, Václav (Autore), Vlková, Nevenka (Autore)
Natura: Libro
Lingua:ceco
Pubblicazione: Praha : Grada, 1999
Tags: Aggiungi Tag
Nessun Tag, puoi essere il primo ad aggiungerne!!

MARC

LEADER 00000nam a22000003a 4500
001 stu73087
005 20150617225646.7
008 011220s1999----xr------------------cze-d
020 |a 80-7169-837-7 
040 |a STU  |b slo 
041 0 |a cze 
044 |a xr 
080 |a 66.041 
080 |a 697.2 
100 1 |a Vlk, Václav  |4 aut 
245 1 |a Pece na pizzu a chleba 
260 |a Praha :  |b Grada,  |c 1999 
300 |a 82 s.;tab.,schémy 
700 1 |a Vlková, Nevenka  |4 aut 
996 |b 284V027977  |c V*47210/O-20771  |l VVT  |s A  |a 24  |w stu73087_0001 
996 |b 284V000392  |c V*47211/O-20771a  |l VVS  |s A  |a 24  |w stu73087_0002